Vianočná koleda
| Main Author: | |
|---|---|
| Format: | Article |
| Language: | Slovak |
| ISSN: | 0139-911X |
| Subjects: |
MARC
| LEADER | 00000nab a2200000 a 4500 | ||
|---|---|---|---|
| 001 | vtls010477401 | ||
| 003 | SK-MaSNL | ||
| 005 | 20260303215416.0 | ||
| 008 | 240322 2012xo m 000 0 slo | ||
| 015 | |a SNKBRB 2012/ | ||
| 038 | |a KEKMK | ||
| 040 | |a KEKMK |b slo |c KEKMK |e AACR2 | ||
| 041 | |a slo | ||
| 044 | |a xo |c SK | ||
| 100 | 1 | |a Rúfus, Milan, |d 1928-2009 |4 aut |9 108568 | |
| 245 | 1 | 0 | |a Vianočná koleda |c Milan Rúfus |
| 650 | 0 | 7 | |a literatúra pre deti a mládež |2 kekmk |9 21893 |
| 773 | |t Slniečko |g Roč.67, č.4 (december 2012), s.6 |x 0139-911X | ||
| 958 | |a DB | ||
| 999 | |c 2221621 |d 2223551 | ||


